Manassile Mazhavillu (Record no. 97826)

MARC details
000 -LEADER
fixed length control field 00461nam a2200181Ia 4500
003 - CONTROL NUMBER IDENTIFIER
control field OSt
005 - DATE AND TIME OF LATEST TRANSACTION
control field 20220326143404.0
008 - FIXED-LENGTH DATA ELEMENTS--GENERAL INFORMATION
fixed length control field 211118s9999||||xx |||||||||||||| ||und||
040 ## - CATALOGING SOURCE
Transcribing agency sbcl
082 ## - DEWEY DECIMAL CLASSIFICATION NUMBER
Classification number 894.8123
Item number SRE-M
100 ## - MAIN ENTRY--PERSONAL NAME
Personal name R, Sreelekha
245 #0 - TITLE STATEMENT
Title Manassile Mazhavillu
260 ## - PUBLICATION, DISTRIBUTION, ETC.
Name of publisher, distributor, etc. B S
Place of publication, distribution, etc. Kannur
Date of publication, distribution, etc. 2000
300 ## - PHYSICAL DESCRIPTION
Extent 124p.
630 ## - SUBJECT ADDED ENTRY--UNIFORM TITLE
General subdivision Malayalam FictionGeneral Stack
650 ## - SUBJECT ADDED ENTRY--TOPICAL TERM
Topical term or geographic name entry element Malayalam LiteratuireMalayalam Novels
942 ## - ADDED ENTRY ELEMENTS (KOHA)
Koha item type BOOK
650 ## - SUBJECT ADDED ENTRY--TOPICAL TERM
Form subdivision Generalia
Holdings
Withdrawn status Lost status Source of classification or shelving scheme Damaged status Not for loan Home library Current library Date acquired Cost, normal purchase price Total Checkouts Full call number Barcode Shelving location Date last seen Date last checked out Price effective from Koha item type
    Dewey Decimal Classification     SB LIBRARY SB LIBRARY 18/11/2021 50.00 2 894.8123 SRE-M 00103188 GENERAL STACK 03/11/2023 20/10/2023 18/11/2021 BOOK

Powered by Koha